000 01931cam a2200433 a 4500
001 nightofpanther00ayre
003 CaSfIA
005 20210118193248.0
007 cr||||
008 961216s1997 nyu 000 1 eng
010 _a 96053625
040 _aDLC
_cDLC
_dFIT
_dOCLCQ
_dBAKER
_dBTCTA
_dYDXCP
_dCaSfIA
020 _a0312156073
020 _a9780312156077
035 _a(OCoLC)36133365
043 _an-us-fl
050 0 0 _aPS3551.Y72
_bN5 1997
082 0 0 _a813/.54
_221
100 1 _aAyres, E. C.
245 1 0 _aNight of the panther /
_h[electronic resource]
_cE.C. Ayres.
250 _a1st ed.
260 _aNew York :
_bSt. Martin's Press,
_c1997.
300 _a264 p. ;
_c22 cm.
500 _a"A Thomas Dunne book."
520 _aPI Tony Lowell is called to Florida by his friend, police lieutenant Lena Bedrosian, to investigate the shooting death of her cousin, Marge, a game warden. Marge's death in a swamp was officially labelled a hunting accident, but Lena suspects she was killed by a shady land developer.
650 0 _aLowell, Tony (Fictitious character)
_vFiction.
650 0 _aPrivate investigators
_zFlorida
_vFiction.
650 0 _aPhotographers
_vFiction.
651 0 _aFlorida
_vFiction.
655 7 _aMystery fiction.
_2gsafd
856 4 1 _uhttp://www.archive.org/details/nightofpanther00ayre
_zFree eBook from the Internet Archive
856 4 2 _uhttp://www.openlibrary.org/books/OL1012960M
_zAdditional information and access via Open Library
029 1 _aYDXCP
_b1372127
029 1 _aNZ1
_b4509412
029 1 _aAU@
_b000012953301
942 _cEB
506 _fНеобхідна авторизація на https://archive.org/ (створення облікового запису безкоштовно)
506 _fНеобхідна авторизація на https://openlibrary.org/ (створення облікового запису безкоштовно)
999 _c530902
_d530902